- Blum-Martinez, Rebecca
Entry Nombre Personal
001 - NUMERO DE CONTROL
- campo de control: 48933
003 - IDENTIFICADOR DE NUMERO DE CONTROL
- campo de control: DLC
005 - FECHA Y HORA DE LA ÜLTIMA TRANSACCIÓN
- campo de control: 20230517124339.0
008 - DATOS DE LONGITUD FIJA
- campo de control de longitud fija: 090406n| acannaabn |a aaa c
010 ## - NÚMERO DE CONTROL DE LA BIBLIOTECA DEL CONGRESO
- Número de control LC: no2009053597
035 ## - NUMERO DE CONTROL
- Número de control: (OCoLC)oca08068965
040 ## - FUENTE DE CATALOGACIÓN
- Agencia original de catalogación: NmU
- Lenguaje de catalogación: spa
- Agencia de transcripción: NmU
- Agencia que lo modifica: MX-MxUPN
100 1# - ENCABEZAMIENTO - NOMBRE PERSONAL
- Nombre personal: Blum-Martinez, Rebecca
400 1# - VEÁSE - NOMBRE DE PERSONA
- Personal name: Martinez, Rebecca Blum-
400 1# - VEÁSE - NOMBRE DE PERSONA
- Personal name: Martinez, Rita Rebecca
670 ## - FUENTE EN LA QUE SE LOCALIZARON DATOS
- Cita de la fuente: Green book of language revitalization, c2001:
- Información localizada: página xv (Rebecca Blum-Martinez; Coll. of Ed., Univ. of New Mexico, Albuquerque)
670 ## - FUENTE EN LA QUE SE LOCALIZARON DATOS
- Cita de la fuente: Classroom teachers' view of a bilingual program, 1998:
- Información localizada: portada (Rita Rebecca Martinez; author's Ph. D. thesis, Univ. of New Mexico)
670 ## - FUENTE EN LA QUE SE LOCALIZARON DATOS
- Cita de la fuente: Native language revitalization, c2007:
- Información localizada: portada (Rebecca Blum Martinez)
670 ## - FUENTE EN LA QUE SE LOCALIZARON DATOS
- Cita de la fuente: UNM online dir., Apr. 6, 2009
- Información localizada: (Rebecca Blum-Martinez; assoc. prof., Sociocultural LL)
670 ## - FUENTE EN LA QUE SE LOCALIZARON DATOS
- Cita de la fuente: Desafíos y posibilidades en la formación de maestros, 2009 :
- Información localizada: portada (Rebecca Blum-Martinez)
902 ## - CATALOGADOR
- Catalogador: VíctorGodínez/170523
